Statistics for Countries by Their Name in Esperanto

Click here to take the quiz!

General Stats

  • This quiz has been taken 110 times
  • The average score is 16 of 20

Answer Stats

HintAnswer% Correct
Afganio or AfganujoAfghanistan
98%
GvatemaloGuatemala
97%
Hindio or BaratoIndia
96%
Unuiĝintaj Ŝtatoj de AmerikoUnited States of America
96%
FilipinojPhilippines
95%
HispanioSpain
95%
Nov-ZelandoNew Zealand
94%
TunizioTunisia
94%
SvazilandoEswatini
93%
SvislandoSwitzerland
92%
KamboĝoCambodia
91%
KazaĥioKazakhstan
90%
ĜibutioDjibouti
73%
KataroQatar
72%
JemenoYemen
71%
LibanoLebanon
67%
ĈadoChad
61%
BarejnoBahrain
52%
BocvanoBotswana
52%
Ebur-BordoIvory Coast
25%

Score Distribution

Percentile by Number Answered

Percent of People with Each Score

Your Score History

You have not taken this quiz